| 000 | 00000nam 2200000zi 4500 |
| 001 | 9.856811 |
| 003 | CaOODSP |
| 005 | 20221107155624 |
| 007 | cr ||||||||||| |
| 008 | 180518t20182018onca #o f000 0 fre d |
| 020 | |a9780660266411 |
| 040 | |aCaOODSP|bfre|erda|cCaOODSP |
| 043 | |an-cn--- |
| 086 | 1 |aFo4-125/2018F-PDF |
| 245 | 00|aForesterie et remise en état des terres - une alliance naturelle : |bintroduction aux outils de sylviculture pour la remise en état des terres. |
| 246 | 10|aIntroduction aux outils de sylviculture pour la remise en état des terres |
| 264 | 1|a[Ottawa] : |bRessources naturelles Canada, |c[2018] |
| 264 | 4|c©2018 |
| 300 | |a1 ressource en ligne ([4] pages) : |billustrations |
| 336 | |atexte|btxt|2rdacontent/fre |
| 337 | |ainformatique|bc|2rdamedia/fre |
| 338 | |aressource en ligne|bcr|2rdacarrier/fre |
| 500 | |aTitre de départ. |
| 500 | |aPublié aussi en anglais sous le titre : Forestry and land reclamation - a natural fit : an introduction to the silvicultural toolkit for land reclamation. |
| 520 | |a« En 2017-2018, la COSIA (l’Alliance canadienne pour l’innovation dans les sables bitumineux) a établi un partenariat avec le Services canadien des forêts (SCF) de Ressources naturelles Canada (RNCan) dans le but de concevoir une série de produits liés à la sylviculture. Ces produits démontrent comment mettre à profit les techniques du domaine forestier pour remettre en état les sites d’exploitation des sables bitumineux dans la région de l’Alberta. Cette alliance de l’expérience forestière et des objectifs en matière de remise en état des terres représente deux grandes possibilités pour les exploitants du secteur pétrolier et gazier » -- page [1]. |
| 692 | 07|2gccst|aForesterie |
| 692 | 07|2gccst|aGestion des terres |
| 692 | 07|2gccst|aOutil |
| 710 | 1 |aCanada. |bRessources naturelles Canada. |
| 775 | 08|tForestry and land reclamation - a natural fit : |w(CaOODSP)9.856810 |
| 856 | 40|qPDF|s468 Ko|uhttps://publications.gc.ca/collections/collection_2019/rncan-nrcan/Fo4-125-2018-fra.pdf |